000 01583 a2200157 4500
003 OSt
005 20251128162621.0
008 251128b |||||||| |||| 00| 0 eng d
020 _a9781408855652
100 _aRowling J.
_9215548
245 _aHarry Potter
260 _bBloomsbury Pulication
_c2014
_aLondon
300 _a330pp,
520 _aHarry Potter and the Philosopher’s Stone is the first novel of the much appreciated Harry Potter series. An abridged version of the same novel, this book has been brought out by Bloomsbury Press for children aged between eight and twelve years. The story unfolds with a letter arriving for Harry Potter, a simple boy, that brings with it a dark secret. The letter reveals to Harry Potter that both his parents were wizards and were killed by a Dark Lord’s curse when he was just a baby. Thereafter Potter's journey to the Hogwarts, a school of wizards brimming with magic, mystery and enchantment, spins out into a fascinating tale. After his journey to Hogwarts, young Harry learns of a missing stone — a stone which can be both terrifying and valuable at the same time, depending on who possesses it and how one uses it. Will Harry Potter and his friends be able to get hold of the stone is how the story unfolds from here on? It is here Harry Potter’s long journey spread over 7 books really begins. In simple words and rich prose, this children’s edition rightly captures the essence of the Harry Potter’s first novel and promises to take the children on an enchanting ride to the magical world order.
942 _cBK
_2ddc
999 _c369179
_d369179